Villes du Grand-Est de plus de 10 000 habitants - Statistiques

Statistiques générales
  • Ce quiz a été pris 127 fois
  • Le résultat moyen est 32 sur 71
Statistiques - réponses
Département Ville Population % Correct
57 Metz 120874
99%
54 Nancy 104260
99%
67 Strasbourg 291313
99%
51 Reims 179380
97%
68 Colmar 67730
93%
68 Mulhouse 106341
92%
10 Troyes 62782
89%
88 Épinal 32285
88%
08 Charleville-Mézières 46398
87%
51 Châlons-en-Champagne 43877
81%
57 Thionville 42163
81%
08 Sedan 16608
76%
55 Bar-le-Duc 14668
75%
55 Verdun 16689
75%
51 Épernay 22001
73%
52 Chaumont 21699
71%
67 Haguenau 35715
69%
52 Saint-Dizier 23068
69%
67 Schiltigheim 34129
65%
54 Lunéville 17755
64%
57 Sarreguemines 20624
63%
67 Sélestat 19300
63%
57 Forbach 21130
61%
54 Vandœuvre-lès-Nancy 29537
61%
88 Saint-Dié-des-Vosges 19319
57%
57 Sarrebourg 12359
55%
54 Toul 15849
55%
67 Illkirch-Graffenstaden 27118
51%
57 Montigny-lès-Metz 21854
51%
54 Longwy 15191
48%
68 Saint-Louis 22698
45%
67 Saverne 11390
45%
54 Pont-à-Mousson 14338
44%
57 Amnéville 10828
43%
51 Vitry-le-François 11454
43%
67 Obernai 12216
41%
57 Woippy 14302
40%
68 Guebwiller 11137
35%
57 Hayange 15968
35%
54 Laxou 14671
33%
57 Yutz 17401
33%
57 Florange 11869
29%
57 Saint-Avold 15045
29%
67 Lingolsheim 20266
28%
54 Villers-lès-Nancy 14761
28%
67 Bischheim 17939
27%
57 Fameck 14798
23%
57 Maizières-lès-Metz 11792
23%
10 Romilly-sur-Seine 14766
23%
57 Freyming-Merlebach 13027
21%
57 Creutzwald 12514
20%
51 Tinqueux 10552
20%
67 Brumath 10238
19%
68 Wittenheim 15262
19%
67 Bischwiller 12435
17%
68 Illzach 14829
17%
10 La Chapelle-Saint-Luc 12299
17%
68 Rixheim 13795
17%
54 Saint-Max 10073
17%
68 Cernay 11745
16%
10 Sainte-Savine 10515
16%
57 Stiring-Wendel 11067
16%
67 Ostwald 13310
15%
54 Villerupt 10069
15%
67 Erstein 10887
13%
67 Hœnheim 11469
13%
10 Saint-André-les-Vergers 12775
13%
68 Kingersheim 13178
12%
68 Pfastatt 10237
12%
68 Wittelsheim 10334
12%
68 Riedisheim 12163
11%
Aucun quiz correspondant
Distribution des résultats
% des personnes avec chaque résultat
Percentile par nombre de réponses
Votre historique - résultats
Vous n’avez pas pris ce quiz